Top 50 transfert All-Time - Statistiques

Statistiques générales
  • Ce quiz a été pris 111 fois
  • Le résultat moyen est 42 sur 50
Statistiques - réponses
Joueur Pays Montant De / Du Au / À Saison % Correct
Kylian Mbappé France 180M€ AS Monaco Paris Saint-Germain 2018/19
100%
Neymar Brésil 222M€ FC Barcelone Paris Saint-Germain 2017/18
100%
Neymar Brésil 90M€ Paris Saint-Germain Al-Hilal 2023/24
100%
Neymar Brésil 88M€ Santos FC FC Barcelone 2013/14
100%
Antoine Griezmann France 120M€ Atletico Madrid FC Barcelone 2019/20
98%
Ousmane Dembelé France 148M€ Dortmund FC Barcelone 2017/18
97%
Cristiano Ronaldo Portugal 117M€ Real Madrid Juventus 2018/19
96%
Cristiano Ronaldo Portugal 94M€ Manchester United Real Madrid 2009/10
96%
Jude Bellingham Angleterre 127M€ Dortmund Real Madrid 2023/24
96%
Philippe Coutinho Brésil 135M€ Liverpool FC Barcelone 2017/18
96%
Eden Hazard Belgique 120.8M€ Chelsea Real Madrid 2019/20
95%
Paul Pogba France 105M€ Juventus Manchester United 2016/17
95%
Alexander Isak Suede 148M€ Newcastle Liverpool 2025/26
94%
Joao Felix Portugal 127.2M€ Benfica Atletico Madrid 2019/20
94%
Alexander Isak Suède 77.5M€ Real Sociedad Newcastle 2022/23
93%
Florian Wirtz Allemagne 125M€ Beyer Leverkusen Liverpool 2025/26
92%
Gareth Bale Pays de Galles 101M€ Tottenham Real Madrid 2013/14
92%
Enzo Fernandez Argentine 121M€ Benfica Chelsea 2022/23
90%
Harry Kane Angleterre 95M€ Tottenham Bayern Munich 2023/24
89%
Romelu Lukaku Belgique 113M€ Inter Milan Chelsea 2021/22
89%
Romelu Lukaku Belgique 84.7M€ Everton Manchester United 2017/18
89%
Randal Kolo-Muani France 95M€ Francfort Paris Saint-Germain 2023/24
88%
Declan Rice Angleterre 116.6M€ West Ham Arsenal 2023/24
86%
Hugo Ekitiké France 95M€ Francfort Liverpool 2025/26
86%
Jack Grealish Angleterre 117.5M€ Aston Villa Manchester City 2021/22
86%
Josko Gvardiol Croatie 90M€ RB Leipzig Manchester City 2023/24
86%
Frenkie De Jong Pays-Bas 86M€ Ajax Amsterdam FC Barcelone 2019/20
85%
Moises Caicedo Equateur 116M€ Brighton Chelsea 2023/24
84%
Zinédine Zidane France 77.5M€ Juventus Real Madrid 2001/02
84%
Antony Brésil 95M€ Ajax Amsterdam Manchester United 2021/22
83%
Luis Suárez Uruguay 81.72M€ Liverpool FC Barcelone 2014/15
83%
Aurélien Tchouaméni France 80M€ AS Monaco Real Madrid 2022/23
82%
Kevin De Bruyne Belgique 76M€ Wolfsburg Manchester City 2015-16
82%
Nicolas Pépé Côte d'Ivoire 80M€ Lille Arsenal 2019/20
82%
Virgil Van Dijk Pays Bas 84.65M€ Southampton Liverpool 2017/18
82%
Matthijs De Ligt Pays-Bas 85.5M€ Ajax Amsteram Juventus 2019/20
79%
Lucas Hernández France 80M€ Atletico Madrid Bayern Munich 2019/20
78%
Gonzalo Higuain Argentine 90M€ Naples Juventus 2016/17
77%
Darwin Núñez Uruguay 85M€ Benfica Liverpool 2022/23
76%
Harry Maguire Angleterre 87M€ Leicester FC Manchester United 2019/20
76%
Jadon Sancho Angleterre 85M€ Dortmund Manchester United 2021/22
75%
Victor Osimhen Nigeria 78.9M€ Lille Naples 2020/21
75%
Kai Havertz Allemagne 100M€ Bayer Leverkusen Chelsea 2020/21
74%
Dušan Vlahović Serbie 83.5M€ Fiorentina Juventus 2021/22
73%
Wesley Fofana France 80.4M€ Leicester FC Chelsea 2022/23
71%
Arthur Brésil 80.6M€ FC Barcelone Juventus 2020/21
67%
Rasmus Hojlund Danemark 77.8M€ Atalanta Manchester United 2023/24
66%
Benjamin Šeško Slovenie 76.5M€ RB Leipzig Manchester United 2025/26
64%
Jhon Durán Colombie 77M€ Aston Villa Al-Nassr 2024/25
61%
Kepa Arrizabalaga Espagne 80M€ Atletico Bilbao Chelsea 2018/19
61%
Aucun quiz correspondant
Distribution des résultats
% des personnes avec chaque résultat
Percentile par nombre de réponses
Votre historique - résultats
Vous n’avez pas pris ce quiz